The Kaguru, a matrilineal people of East Africa. (Record no. 7921)

MARC details
000 -LEADER
fixed length control field 00490nam a22001577a 4500
008 - FIXED-LENGTH DATA ELEMENTS--GENERAL INFORMATION
fixed length control field 190425b ||||| |||| 00| 0 eng d
020 ## - INTERNATIONAL STANDARD BOOK NUMBER
International Standard Book Number 0030767652
082 ## - DEWEY DECIMAL CLASSIFICATION NUMBER
Classification number 301 B42k 1971
100 ## - MAIN ENTRY--PERSONAL NAME
Personal name Beidelman, T. O. (Thomas O.),
245 ## - TITLE STATEMENT
Title The Kaguru, a matrilineal people of East Africa.
260 ## - PUBLICATION, DISTRIBUTION, ETC.
Place of publication, distribution, etc. New York :
Name of publisher, distributor, etc. Holt, Rinehart and Winston,
Date of publication, distribution, etc. 1971.
300 ## - PHYSICAL DESCRIPTION
Extent x, 134 p.
Other physical details illus., map.
Dimensions 24 cm.
500 ## - GENERAL NOTE
General note <br/>Bibliography: p. 132-134.
650 ## - SUBJECT ADDED ENTRY--TOPICAL TERM
Topical term or geographic name entry element Kaguru (Bantu tribe)
942 ## - Added entry Elements (Koha)
Source of classification or shelving scheme Dewey Decimal Classification
Holdings
Withdrawn status Lost status Source of classification or shelving scheme Damaged status Not for loan Collection code Home library Current library Shelving location Date acquired Serial Enumeration / chronology Total Checkouts Full call number Barcode Date last seen Price effective from Koha item type
    Dewey Decimal Classification     Main TEST RTC Library RTC Library Main opac 25/04/2019 13728   301 BEI 30007645 25/04/2019 25/04/2019 Main
Royal Thimphu College || All Right Reserved